| 000 | 00828nam a2200181Ia 4500 | ||
|---|---|---|---|
| 001 | 15233 | ||
| 003 | IN-NITTTR | ||
| 005 | 20251114233143.0 | ||
| 008 | 251113s9999||||xx |||||||||||||| ||eng|| | ||
| 040 | _beng | ||
| 040 | _cIN-NITTTR | ||
| 041 | _aeng | ||
| 082 | _a372.95 S14R | ||
| 100 | _aSub-regional Workshop on the Development of Systems and structures for Producing Textbooks and Other related Teaching/ Learning Materials, bangkok | ||
| 245 | 0 |
_aReport of sub- regional workshop on the development of systems and structures for producing textbooks and other related teaching/ learning materials. / _cSub-regional Workshop on the Development of Systems and structures for Producing Textbooks and Other related Teaching/ Learning Materials, bangkok, 17-27 September 1984. |
|
| 260 |
_aBangkok _c1984 |
||
| 942 |
_2ddc _cBK |
||
| 999 |
_c17867 _d17867 |
||